Kitāb falsafat al-balāghah, (Record no. 50796)

MARC details
000 -LEADER
fixed length control field 00620cam a22002171 4500
001 - CONTROL NUMBER
control field ne 68003566
003 - CONTROL NUMBER IDENTIFIER
control field DLC
005 - DATE AND TIME OF LATEST TRANSACTION
control field 20260227111847.0
008 - FIXED-LENGTH DATA ELEMENTS--GENERAL INFORMATION
fixed length control field 840909s1898 le c 000 0 arao
010 ## - LIBRARY OF CONGRESS CONTROL NUMBER
LC control number ne 68003566
035 ## - SYSTEM CONTROL NUMBER
System control number (OCoLC)21641818
040 ## - CATALOGING SOURCE
Original cataloging agency DLC
Transcribing agency CU
Modifying agency DLC
042 ## - AUTHENTICATION CODE
Authentication code premarc
050 00 - LIBRARY OF CONGRESS CALL NUMBER
Classification number PJ6161
Item number .D8 1898
100 1# - MAIN ENTRY--PERSONAL NAME
Personal name Ḍūmiṭ, Jabr.
245 10 - TITLE STATEMENT
Title Kitāb falsafat al-balāghah,
Statement of responsibility, etc. taʹlīf Jabr Ḍūmiṭ.
260 ## - PUBLICATION, DISTRIBUTION, ETC.
Place of publication, distribution, etc. Baʻabdā,
Name of publisher, distributor, etc. al-Maṭbaʻah al-ʻUthmānīyah,
Date of publication, distribution, etc. 1898.
300 ## - PHYSICAL DESCRIPTION
Extent 160 p.
Other physical details port.
Dimensions 22 cm.
650 #0 - SUBJECT ADDED ENTRY--TOPICAL TERM
Topical term or geographic name entry element Arabic language
General subdivision Rhetoric
740 0# - ADDED ENTRY--UNCONTROLLED RELATED/ANALYTICAL TITLE
Uncontrolled related/analytical title Falsafat al-balāghah.

No items available.

Powered by Koha